[Event "2nd International Chess Festiv"]
[Site "Paracin"]
[Date "2009.08.25"]
[Round "8.28"]
[White "Blazeka, Matej"]
[Black "Vucinic, Gojko"]
[Result "1-0"]
[WhiteElo "2072"]
[BlackElo "1937"]
[PlyCount "85"]
[EventDate "2009.08.19"]

1. e4 c5 2. Nf3 a6 3. c3 e6 4. d4 d5 5. exd5 exd5 6. dxc5 Bxc5 7. Bd3 Ne7 8.
O-O O-O 9. Re1 Nbc6 10. Nbd2 Ng6 11. Nb3 Bb6 12. Be3 Bxe3 13. Rxe3 Nf4 14. Nfd4
h5 15. Qf3 Qg5 16. Qg3 Qf6 17. Rf3 g5 18. Nxc6 Bg4 19. Ncd4 Bxf3 20. Qxf3 g4
21. Qd1 Rae8 22. Nf5 Re5 23. Nbd4 Rfe8 24. Ne3 Rg5 25. Bf5 Re5 26. Qc2 Qg7 27.
g3 Ne6 28. Bd3 Nc5 29. Rd1 Qf8 30. Ng2 Qe8 31. Ne3 Kh8 32. Ng2 Nxd3 33. Qxd3
Re4 34. Ne3 Rge5 35. Ne2 Qa4 36. a3 Qb3 37. Rd2 h4 38. gxh4 Qb6 39. Ng3 Qf6 40.
Nxe4 Rxe4 41. Qxd5 Qg6 42. Qg5 Rxe3 43. Qd8+ 1-0

[Event "2nd International Chess Festiv"]
[Site "Paracin"]
[Date "2009.08.25"]
[Round "8.31"]
[White "Petrovski, Igor"]
[Black "Stojkovska, Monika"]
[Result "1/2-1/2"]
[WhiteElo "1972"]
[BlackElo "1889"]
[PlyCount "55"]
[EventDate "2009.08.19"]

1. e4 c5 2. Nf3 Nc6 3. Bb5 e5 4. O-O Nge7 5. c3 g6 6. d4 cxd4 7. cxd4 exd4 8.
Nxd4 Bg7 9. Be3 O-O 10. Nc3 d5 11. exd5 Nxd5 12. Nxc6 bxc6 13. Nxd5 cxb5 14.
Qd2 Be6 15. Rad1 Bxd5 16. Qxd5 Qxd5 17. Rxd5 a6 18. b3 Rfd8 19. Rfd1 Rxd5 20.
Rxd5 Re8 21. Kf1 Be5 22. g3 f5 23. Rd7 Re6 24. Bh6 Bf6 25. Bf4 Bc3 26. Be3 Be5
27. Bg5 Bc3 28. Be3 1/2-1/2

[Event "2nd International Chess Festiv"]
[Site "Paracin"]
[Date "2009.08.25"]
[Round "8.34"]
[White "Blazeka, Djuro"]
[Black "Nesic, Nebojsa"]
[Result "0-1"]
[WhiteElo "1928"]
[BlackElo "2127"]
[PlyCount "38"]
[EventDate "2009.08.19"]

1. e4 e6 2. d4 d5 3. Bd3 dxe4 4. Bxe4 Nf6 5. Bf3 c5 6. Ne2 Nc6 7. Bxc6+ bxc6 8.
O-O Ba6 9. c3 Bd6 10. Re1 O-O 11. Nd2 cxd4 12. Nxd4 c5 13. N4b3 Qc7 14. h3 Rad8
15. Kh1 Bf4 16. g3 Bb7+ 17. Kh2 Rd3 18. Rg1 Qe5 19. gxf4 Qxf4+ 0-1

[Event "2nd International Chess Festiv"]
[Site "Paracin"]
[Date "2009.08.25"]
[Round "8.35"]
[White "Milosavljevic, Milica"]
[Black "Bozilov, Novica"]
[Result "1-0"]
[WhiteElo "1786"]
[BlackElo "2054"]
[PlyCount "97"]
[EventDate "2009.08.19"]

1. Nc3 e6 2. Nf3 d5 3. e4 dxe4 4. Nxe4 Nf6 5. Nxf6+ Qxf6 6. d4 h6 7. Bd3 b6 8.
Be4 c6 9. Ne5 Bb7 10. Qh5 g6 11. Qh3 Bg7 12. O-O a5 13. Re1 O-O 14. Bxh6 Bxh6
15. Qxh6 Qg7 16. Qxg7+ Kxg7 17. Re3 Ra7 18. Rc3 c5 19. Bxb7 Rxb7 20. dxc5 bxc5
21. Rxc5 Rxb2 22. Nd3 Rb6 23. Rxa5 Nc6 24. Rc5 Rfb8 25. h3 Nb4 26. Nxb4 Rxb4
27. a4 Rb1+ 28. Rxb1 Rxb1+ 29. Kh2 Ra1 30. a5 Kf6 31. Kg3 Ke7 32. Rc7+ Kf6 33.
Rc5 Ke7 34. Kf4 Kd6 35. Rb5 Rc1 36. Rb2 Ra1 37. Rb7 f6 38. Rb6+ Kd7 39. a6 Ra2
40. Rb7+ Kc6 41. Rf7 Rxc2 42. Kg3 f5 43. Rf6 Kd6 44. a7 Ra2 45. Rf7 g5 46. Rg7
Ke5 47. Rb7 Ra4 48. Kf3 Kd4 49. Rb4+ 1-0

[Event "2nd International Chess Festiv"]
[Site "Paracin"]
[Date "2009.08.25"]
[Round "8.36"]
[White "Mijovic, Cedomir"]
[Black "Milosavljevic, Marija"]
[Result "1/2-1/2"]
[WhiteElo "2048"]
[BlackElo "1848"]
[PlyCount "42"]
[EventDate "2009.08.19"]

1. d4 Nf6 2. c4 e6 3. e3 b6 4. Nf3 Bb4+ 5. Bd2 Bxd2+ 6. Nbxd2 Bb7 7. Be2 O-O 8.
O-O d6 9. Qc2 Nbd7 10. e4 e5 11. dxe5 dxe5 12. Rfe1 Qe7 13. Bf1 Rad8 14. g3
Rfe8 15. Bg2 a5 16. Nh4 g6 17. h3 Nc5 18. Re3 Rd7 19. Re2 Red8 20. Nf1 Ne6 21.
Qc1 Kg7 1/2-1/2

[Event "2nd International Chess Festiv"]
[Site "Paracin"]
[Date "2009.08.25"]
[Round "8.38"]
[White "Maljevic, Aleksa"]
[Black "Markovic, Predrag M"]
[Result "0-1"]
[WhiteElo "1687"]
[BlackElo "1773"]
[PlyCount "102"]
[EventDate "2009.08.19"]

1. e4 Nf6 2. Nc3 d5 3. e5 d4 4. exf6 dxc3 5. fxg7 cxd2+ 6. Qxd2 Qxd2+ 7. Bxd2
Bxg7 8. O-O-O Bg4 9. f3 Bd7 10. Bf4 e5 11. Bg5 O-O 12. Ne2 Be6 13. b3 Nc6 14.
Ng3 f6 15. Be3 Rfd8 16. Rxd8+ Rxd8 17. Bb5 Nb4 18. a3 a6 19. Be2 Nd5 20. Bd2
Bf8 21. b4 Nb6 22. Ne4 Kg7 23. Be3 Nc4 24. Bc5 Nxa3 25. Bxf8+ Rxf8 26. Nc5 Bc8
27. Kb2 Nb5 28. Bxb5 axb5 29. Ra1 b6 30. Ne4 Bf5 31. Nc3 c6 32. Ra6 Rb8 33.
Ra7+ Kg6 34. Rc7 c5 35. bxc5 bxc5 36. Rxc5 Bd7 37. Rd5 Be8 38. Ne4 Rb6 39. Rc5
Bc6 40. Kb3 Bxe4 41. fxe4 h5 42. Kb4 Rd6 43. Kxb5 Rd4 44. Rc4 Rd2 45. Rc3 Rxg2
46. Rg3+ Rxg3 47. hxg3 f5 48. exf5+ Kxf5 49. c4 e4 50. Kb4 e3 51. Kc3 Ke4 0-1